| Tag |
First Indicator |
Second Indicator |
Subfields |
| LEADER |
00000cam a2200000 a 4500 |
| 001 |
in00002411684 |
| 005 |
20151109125855.0 |
| 008 |
080616s2009 fluaf b 001 0 eng |
| 015 |
|
|
|a GBA879082
|2 bnb
|
| 016 |
7 |
|
|a 014648128
|2 Uk
|
| 020 |
|
|
|a 9781420059083 (hbk.)
|
| 020 |
|
|
|a 1420059084 (hbk.)
|
| 035 |
|
|
|a (OCoLC)ocn148842794
|
| 035 |
|
|
|a (OCoLC)148842794
|
| 040 |
|
|
|a UKM
|c UKM
|d BTCTA
|d BAKER
|d YDXCP
|d BWX
|d OCLCQ
|d UtOrBLW
|
| 049 |
|
|
|a TXAM
|
| 050 |
|
4 |
|a TD878
|b .B96 2009
|
| 082 |
0 |
4 |
|a 628.550287
|2 22
|
| 100 |
1 |
|
|a Byrnes, Mark E.
|
| 245 |
1 |
0 |
|a Field sampling methods for remedial investigations /
|c Mark Edward Byrnes.
|
| 250 |
|
|
|a 2nd ed.
|
| 264 |
|
1 |
|a Boca Raton :
|b CRC Press,
|c [2009]
|
| 264 |
|
4 |
|c ©2009
|
| 300 |
|
|
|a xxi, 322 pages, 1 unnumbered leaf of plates :
|b illustrations (some color) ;
|c 25 cm.
|
| 336 |
|
|
|a text
|b txt
|2 rdacontent
|
| 337 |
|
|
|a unmediated
|b n
|2 rdamedia
|
| 338 |
|
|
|a volume
|b nc
|2 rdacarrier
|
| 504 |
|
|
|a Includes bibliographical references and index.
|
| 500 |
|
|
|a Previous edition: Boca Raton, Fla.: Lewis, 1994.
|
| 650 |
|
0 |
|a Soil pollution
|x Measurement
|x Technique.
|
| 650 |
|
0 |
|a Water
|x Pollution
|x Measurement
|x Technique.
|
| 650 |
|
0 |
|a Soils
|x Sampling
|x Technique.
|
| 650 |
|
0 |
|a Water
|x Sampling
|x Technique.
|
| 650 |
|
0 |
|a Groundwater
|x Sampling
|x Technique.
|
| 938 |
|
|
|a Baker and Taylor
|b BTCP
|n BK0007128954
|
| 938 |
|
|
|a Baker & Taylor
|b BKTY
|c 129.95
|d 129.95
|i 1420059084
|n 0007128954
|s active
|
| 938 |
|
|
|a YBP Library Services
|b YANK
|n 2819187
|
| 938 |
|
|
|a Blackwell Book Service
|b BBUS
|n R0733549
|c $129.95
|
| 945 |
|
|
|a PromptCat
|b 521603
|
| 946 |
|
|
|a stk
|
| 947 |
|
|
|a A14836637167
|
| 994 |
|
|
|a 92
|b TXA
|
| 948 |
|
|
|a cataloged
|b h
|d 2008/10/8
|h c
|e asalazar
|f 1:31:59 pm
|
| 999 |
|
|
|a MARS
|
| 999 |
f |
f |
|s d23c7f38-07aa-3047-ac66-1ce42ed2d91c
|i 1fd784c5-7bdb-3800-9c6a-944c8b0613c9
|t 0
|
| 952 |
f |
f |
|p ric
|a Texas A&M University
|b Rellis Campus
|c Joint Library Facility
|d Remote Storage
|t 0
|e TD878 .B96 2009
|h Library of Congress classification
|i unmediated -- volume
|m A14836637167
|
| 998 |
f |
f |
|a TD878 .B96 2009
|t 0
|l Remote Storage
|